LEADER 00764nam a2200217 i 4500 001 000000055657 003 CaOOAMICUS 005 20070824000000.0 008 070824s1949 it u000 u ita u 013 $a26829 040 $aSeMil$bita 100 1 $aBrancati, Vitaliano <1907-1954>.$0(OLS)http://semarc/name/28007 245 13$aIl vecchio con gli stivali /$cdi Vitaliano Brancati. 250 $a3. Ed. 260 $aMilano :$bBompiani,$c1949. 300 $a193 p. ;$c21 cm. 850 $aSeMil 852 $aSeMil$W1$xVenegono$y1$m1C III 185$j248944$B21811$CSeMilBibl$Z2$F21813 $81 961 $aOmaggio: Donazione 996 $6245$aIl vecchio con gli stivali$9(OLS)http://semarc/title/86366 996 $6260$aMilano :$bBompiani$9(OLS)http://semarc/publisher/29706 LEADER 01219nab a2200169 i 4500 001 000000280673 003 CaOOAMICUS 005 20140226000000.0 008 140226n xx uu u0 0und r 013 $a32796 040 $aSeMil$bita 245 10$aInternational Symposium "Treatment of human infertility" :$b1st Ed., 13, December 2012, Life Sciences Institute, Catholic University of Valencia "San Vicente Mártir". - In mezzo al front. : Numero Monografico. - Contiene : Summaries [in inglese]. 500 $aSettembre/Ottobre 2013. 700 1 $aCatholic University of Valencia : Life Sciences Institute : International Symposium «Treatment of human infertility» <1. ; 2012>.$0(OLS)http://semarc/name/84304 700 1 $aAznar, Justo.$0(OLS)http://semarc/name/84303 773 0 $t[2013.$dRoma : Universitŕ Cattolica del Sacro Cuore, Facoltŕ di Medicina e Chirurgia "Agostino Gemelli", 2013 (stampa 2013-2014)$w()226104 996 $6245$aInternational Symposium "Treatment of human infertility" :$b1st Ed., 13, December 2012, Life Sciences Institute, Catholic University of Valencia "San Vicente Mártir". - In mezzo al front. : Numero Monografico. - Contiene : Summaries [in inglese].$9(OLS)http://semarc/title/363624